000 00628nam a2200169 i 4500
001 45067
003 ES-MaACL
005 20230906161140.0
007 t|
008 030325s1924 sp ||||1| spa d
100 1 _aClavera Armenteros, José María.
_939124
245 1 0 _aRevisión del peso atómico del sodio y contribución al estudio de la densidad normal del nitrógeno
_b: memoria presentada para optar al grado de Dr. en Ciencias Químicas /
_cpor José María Clavera Armenteros.
260 _aMadrid :
_b[s.n.,
_c1924] (
_fImp. Clásica)
300 _a28 p.
502 _aTesis doctoral.
852 _aES-MaACL
_j1672-F-3
999 _c45067
_d45067